000 00304nam a22001337a 4500
008 260327b ||||| |||| 00| 0 eng d
020 _a9951050107
041 _aShqip
080 _a821.18
100 _a32
101 _aKonference
245 _aKonferenca e Rambujesë
_cEdita Tahiri
942 _2udc
_cBK
999 _c60946
_d60946